| 000 | 00637nam a22002057a 4500 | ||
|---|---|---|---|
| 999 |
_c4537 _d4537 |
||
| 003 | OSt | ||
| 005 | 20250227103753.0 | ||
| 008 | 250227b ||||| |||| 00| 0 eng d | ||
| 020 | _a9781108401579 | ||
| 040 | _cKH8 | ||
| 082 | _a650 STI | ||
| 100 |
_aStimpson, Peter, _eauthor. |
||
| 245 |
_aCambridge International AS and A Level Business : _bWorkbook / _cPeter Stimpson. |
||
| 260 |
_aUK ; _bCambridge University Press , _c2018. |
||
| 300 |
_aviii, 198 pages : _billustrations ; _c28 cm. |
||
| 650 |
_aBusiness _vworkbook |
||
| 650 |
_aBusiness _vpractice and assessment |
||
| 650 |
_aBusiness _vquestions and answer |
||
| 942 |
_2ddc _cNFIC |
||